ბათუმის შოთა რუსთაველის სახელმწიფო უნივერსიტეტის ბიბლიოთეკა

გალობანი სინანულისანი = Покаянный канон = Reuegesange / (ბიბ.ჩანაწერი № 41508)

000 -ლიდერი
ფიქსირებული სიგრძის საკონტროლო ველი 01346nam a2200253Ia 4500
001 - საკონტროლო ნომერი
საკონტროლო ველი 8175
003 - საკონტროლო ნომრის იდენტიფიკატორი
საკონტროლო ველი GE_BSU
005 - ბოლო ოპერაციის თარიღი და დრო
საკონტროლო ველი 20240122142859.0
008 - ფიქსირებული სიგრძის მონაცემთა ელემენტები - ზოგადი ინფორმაცია
ფიქსირებული სიგრძის საკონტროლო ველი 181216s1989||||ge |||||||||||||| ||geo||
040 ## - კატალოგიზაციის წყარო
Transcribing agency GE_BSU
041 ## - ენის კოდი
Language code of text/sound track or separate title geo
080 ## - უნივერსალური ათობითი კლასიფიკაციის ინდექსი
Universal Decimal Classification number 821.353.1-141 დ-15
100 ## - მთავარი ჩანაწერი - პიროვნების სახელი
Personal name დავით IV, აღმაშენებელი.
9 (RLIN) 21082
245 ## - ცნობა სათაურის შესახებ
Title გალობანი სინანულისანი = Покаянный канон = Reuegesange /
Statement of responsibility, etc დავით აღმაშენებელი; [წინასიტყვ. ავტ. ლ. გრიგოლაშვილი; რედ. გ. თევზაძე].
264 ## - წარმოების, გამოცემის, დისტრიბუციის და სხვა ცნობები
გამოცემის, წარმოების, დისტრიბუციის... ადგილი თბილისი:
გამოცემის, წარმოების, დისტრიბუციის... სახელწოდება თბილ. უნ-ტის გამ-ბა,
გამოცემის, წარმოების, დისტრიბუციის... თარიღი 1989.
300 ## - ფიზიკური აღწერა
Extent 47 გვ.;
Other physical details 20 სმ.
653 ## - INDEX TERM--UNCONTROLLED
Uncontrolled term გალობანი სინანულისანი
653 ## - INDEX TERM--UNCONTROLLED
Uncontrolled term ქართული ფილოსოფიური ლირიკა
653 ## - INDEX TERM--UNCONTROLLED
Uncontrolled term ქართული სასულიერო ლირიკა
653 ## - INDEX TERM--UNCONTROLLED
Uncontrolled term ქრისტიანული ლიტერატურა
700 ## - ADDED ENTRY--PERSONAL NAME
Personal name თევზაძე, გ.
Relator term რედაქტორი
9 (RLIN) 21083
700 ## - ADDED ENTRY--PERSONAL NAME
Personal name გრიგოლაშვილი, ლ.,
Relator term წინასიტყვაობის ავტორი.
9 (RLIN) 14532
942 ## - ADDED ENTRY ELEMENTS (KOHA)
Koha item type წიგნი
Source of classification or shelving scheme
ეგზემპლარები
ჩამოწერის სტატუსი დაკარგული ეგზემპლარის სტატუსი კლასიფიკაციის წყარო ან თაროზე გაწყობის სქემა დაზიანების სტატუსი არ გაიცემა მუდმივი მდებარეობა (დაცვის ადგილი) ამჟამინდელი ადგილსამყოფელი თაროზე განთავსების ადგილი შეძენის თარიღი ღირებულება, შესყიდვის ნორმალური ფასი სრული შენახვის შიფრი შტრიხკოდი ბოლო ოპერაციის თარიღი ეგზემპლარის მიმდევრობითი ნომერი (კეტერი?) ფასის ძალაში შესვლის თარიღი ეგზემპლარის სახეობა საჯარო შენიშვნა
          ბათუმის შოთა რუსთაველის სახელმწიფო უნივერსიტეტის მთავარი ბიბლიოთეკა ბათუმის შოთა რუსთაველის სახელმწიფო უნივერსიტეტის მთავარი ბიბლიოთეკა წიგნსაცავი 2018-12-17 6.00 821.353.1-141 დ-15 25112 2018-12-17 25112 2018-12-17 წიგნი 6.00 ₾.
          ბათუმის შოთა რუსთაველის სახელმწიფო უნივერსიტეტის მთავარი ბიბლიოთეკა ბათუმის შოთა რუსთაველის სახელმწიფო უნივერსიტეტის მთავარი ბიბლიოთეკა წიგნსაცავი 2018-12-17 6.00 821.353.1-141 დ-15 25113 2018-12-17 25113 2018-12-17 წიგნი 6.00 ₾.
          ბათუმის შოთა რუსთაველის სახელმწიფო უნივერსიტეტის მთავარი ბიბლიოთეკა ბათუმის შოთა რუსთაველის სახელმწიფო უნივერსიტეტის მთავარი ბიბლიოთეკა წიგნსაცავი 2018-12-17 6.00 821.353.1-141 დ-15 25114 2018-12-17 25114 2018-12-17 წიგნი 6.00 ₾.
          ბათუმის შოთა რუსთაველის სახელმწიფო უნივერსიტეტის მთავარი ბიბლიოთეკა ბათუმის შოთა რუსთაველის სახელმწიფო უნივერსიტეტის მთავარი ბიბლიოთეკა წიგნსაცავი 2018-12-17 6.00 821.353.1-141 დ-15 25115 2018-12-17 25115 2018-12-17 წიგნი 6.00 ₾.